| 000 | 01170cam a22003493a 4500 | ||
|---|---|---|---|
| 001 | 21696 | ||
| 003 | PGUSA | ||
| 005 | 20140828083448.0 | ||
| 008 | 070606s2007||||xxu|||||s|||||000 1 eng d | ||
| 040 |
_aPGUSA _beng |
||
| 042 | _adc | ||
| 050 | 4 | _aPZ | |
| 100 | 1 |
_aBallantyne, R. M. _q(Robert Michael), _d1825-1894 |
|
| 245 | 1 | 0 |
_aRed Rooney : _bThe Last of the Crew _h[electronic resource] / _cR. M. Ballantyne |
| 260 |
_bProject Gutenberg, _c2007 |
||
| 506 | _aPublic domain in the USA. | ||
| 516 | _aElectronic text | ||
| 653 | _aOutdoor life -- Juvenile fiction | ||
| 653 | _aSailing -- Juvenile fiction | ||
| 653 | _aCamping -- Juvenile fiction | ||
| 653 | _aNatural history -- Juvenile fiction | ||
| 653 | _aRescues -- Juvenile fiction | ||
| 653 | _aFamilies -- Juvenile fiction | ||
| 653 | _aConduct of life -- Juvenile fiction | ||
| 653 | _aAdventure and adventurers -- Juvenile fiction | ||
| 653 | _aEskimos -- Juvenile fiction | ||
| 653 | _aVoyages and travels -- Juvenile fiction | ||
| 653 | _aChristian life -- Juvenile fiction | ||
| 830 | 0 |
_aProject Gutenberg _v21696 |
|
| 856 | 4 | 0 | _uhttp://www.gutenberg.org/ebooks/21696 |
| 942 | _cEB | ||
| 999 |
_c250951 _d250951 |
||